Culture Générale Française #5 - Statistiques

Statistiques générales
  • Ce quiz a été pris 1 815 fois
  • Le résultat moyen est 9 sur 20
Statistiques - réponses
Question Réponse % Correct
Où se trouvent les lacs que Michel Sardou a chanté ? Connemara
94%
Qui est enterré sous l'Arc de Triomphe ? Soldat inconnu
81%
Quelle marque affirme que "Il n'y en a pas deux" ? Lapeyre
75%
Dans quelle émission peut-on assister au Coup Fatal et voir L'étoile mystérieuse ? Les Douze Coups de midi
66%
Comment se nomme la principale gare de Marseille ? Saint-Charles
63%
Quelle ville a accueilli les Jeux olympiques d'hiver en 1992 ? Albertville
56%
Quel est le point commun entre les villes de Thonon, Vichy et La Roche-Posay ? Eaux thermales
54%
Qu'arrivera-t-il à la bobinette si l'on tire la chevillette ? Elle cherra
50%
À qui la citation "L'important, c'est de participer" est-elle attribuée, bien qu'elle soit une paraphrase ? Pierre de Coubertin
50%
Quel animal est l'emblème de l'Alsace ? Cigogne
47%
Qui a écrit le pastiche Déclaration des droits de la femme et de la citoyenne ? Olympe de Gouges
43%
Comment s'appelle la résidence d'été du Président de la République ? Fort de Brégançon
40%
À quel scandale sanitaire le Premier Ministre Laurent Fabius a-t-il été mêlé ? Affaire du sang contaminé
34%
Quel produit agricole est associé à la ville du Puy-en-Velay ? Lentille verte
32%
Où Louis IX rendait-il la justice ? Sous un chêne
32%
Que peut-on voir au dos des pièces de 1€ et 2€ françaises ? Arbre de la Liberté
27%
Au moyen de quel véhicule Franky Zapata a-t-il traversé la Manche ? Flyboard Air
21%
Dans quelle série de bande dessinée suit-on les aventures du trio formé par Ribouldingue, Filochard et Croquignol ? Les Pieds Nickelés
15%
Qui a remporté l'Oscar de la meilleure actrice en 1960 pour Les Chemins de la haute ville ? Simone Signoret
13%
Qui Victor Hugo surnommait-il Sainte-Bave ? Sainte-Beuve
11%
Aucun quiz correspondant
Distribution des résultats
% des personnes avec chaque résultat
Percentile par nombre de réponses
Votre historique - résultats
Vous n’avez pas pris ce quiz